LNG as alternative fuel for european transport system

LNG ako zelenšia alternatíva ku fosílnym palivám. Základné vlastnosti LNG a jeho využitie pre pohon lodí, nákladných vozidiel. Zameranie sa na časti reťazového procesu transportu LNG a jeho prekážky.

Saved in:
Bibliographic Details
Main Author: Kalina, Tomas
Other Authors: Grobarcikova, Anezka
Format: Book Chapter
Language:English
Subjects:
Tags: Add Tag
No Tags, Be the first to tag this record!

MARC

LEADER 00000naa a2200000 4500
001 0186611
005 20220715120541.7
041 0 |a eng 
044 |a SK 
245 1 0 |a LNG as alternative fuel for european transport system  |c Tomas Kalina, Anezka Grobarcikova 
520 |a LNG ako zelenšia alternatíva ku fosílnym palivám. Základné vlastnosti LNG a jeho využitie pre pohon lodí, nákladných vozidiel. Zameranie sa na časti reťazového procesu transportu LNG a jeho prekážky. 
610 2 0 |a spotreba energie 
610 2 0 |a palivá pevné 
610 2 0 |a plyn zemný 
610 2 0 |a preprava 
610 2 0 |a Európska únia 
100 1 |a Kalina, Tomas 
700 1 |a Grobarcikova, Anezka